000 00450nam a2200181Ia 4500
001 17458
005 20260306171519.0
008 260306s9999||||xx |||||||||||||| ||und||
041 _aESP
082 _a658
_bF81 2017
100 _aFranco Concha, Pedro
_eAUT
245 0 _aPlanes de negocios:
_buna metodologĂ­a alternativa
260 _c2017
300 _a206 páginas :
_c22 cm.
650 _aGEN
654 _aCAN
942 _cLIB
_dJUS
_fJUS
_2ddc
_n
999 _c17458
_d17458